[Event "74th ch-UKR w 2014"]
[Site "Lviv UKR"]
[Date "2014.11.13"]
[Round "1.2"]
[White "Muzychuk, Mariya"]
[Black "Muzychuk, Anna"]
[Result "1/2-1/2"]
[WhiteTitle "IM"]
[BlackTitle "GM"]
[WhiteElo "2529"]
[BlackElo "2545"]
[WhiteFideId "14114550"]
[BlackFideId "14111330"]
[EventDate "2014.11.13"]

1. c4 c6 2. d4 d5 3. Nf3 Nf6 4. e3 Bf5 5. Nc3 e6 6. Nh4 Bg6 7. Qb3 Qc7 8. Nxg6
hxg6 9. g3 Nbd7 10. Bg2 Be7 11. O-O O-O 12. Bd2 Nb6 13. cxd5 cxd5 14. Rfc1 Nc4
15. Be1 Qd7 16. e4 Na5 17. Qb5 Qxb5 18. Nxb5 Nc6 19. exd5 Nxd5 20. Nc3 Rfd8 21.
Nxd5 exd5 22. Bc3 Bf6 23. Rd1 g5 24. Bf3 Rac8 25. Kg2 g6 1/2-1/2

[Event "74th ch-UKR w 2014"]
[Site "Lviv UKR"]
[Date "2014.11.13"]
[Round "1.3"]
[White "Tarleva, Vira"]
[Black "Zhukova, Natalia"]
[Result "0-1"]
[WhiteTitle "WFM"]
[BlackTitle "GM"]
[WhiteElo "2127"]
[BlackElo "2470"]
[WhiteFideId "14116693"]
[BlackFideId "14101513"]
[EventDate "2014.11.13"]

1. e4 e5 2. Nf3 Nc6 3. Nc3 Nf6 4. d4 exd4 5. Nxd4 Bb4 6. Nxc6 bxc6 7. Bd3 O-O 8.
O-O d5 9. e5 Ng4 10. h3 Nxe5 11. Bxh7+ Kxh7 12. Qh5+ Kg8 13. Qxe5 Bd6 14. Qd4
Bf5 15. Bd2 Rb8 16. Na4 Bxc2 17. b3 Bf5 18. Rac1 Re8 19. Rfe1 Re4 20. Rxe4 dxe4
21. Be3 Qh4 22. Nc5 Re8 23. b4 Bxh3 24. gxh3 Qxh3 25. Qd2 Re5 26. Bf4 Rh5 27. f3
Qh1+ 0-1

[Event "74th ch-UKR w 2014"]
[Site "Lviv UKR"]
[Date "2014.11.13"]
[Round "1.4"]
[White "Gaponenko, Inna"]
[Black "Doluhanova, Evgeniya"]
[Result "1/2-1/2"]
[WhiteTitle "IM"]
[BlackTitle "WGM"]
[WhiteElo "2381"]
[BlackElo "2284"]
[WhiteFideId "14101181"]
[BlackFideId "14112035"]
[EventDate "2014.11.13"]

1. e4 c5 2. Nf3 d6 3. d4 cxd4 4. Nxd4 Nf6 5. Nc3 a6 6. h3 e5 7. Nde2 h5 8. g3
Nbd7 9. a4 b6 10. Bg2 Bb7 11. O-O Qc7 12. Bg5 Rc8 13. Qd2 Be7 14. Rfd1 Bc6 15.
b3 Bb7 16. Ra2 O-O 17. h4 Rfe8 18. Bh3 Rcd8 19. Bxd7 Qxd7 20. Bxf6 Bxf6 21. Nd5
Bxd5 22. Qxd5 Qg4 23. Kf1 Qh3+ 24. Kg1 Qg4 25. Kf1 Qh3+ 26. Kg1 1/2-1/2

[Event "74th ch-UKR w 2014"]
[Site "Lviv UKR"]
[Date "2014.11.13"]
[Round "1.5"]
[White "Kalinina, Olga"]
[Black "Tantsiura, Maria"]
[Result "1-0"]
[WhiteTitle "WGM"]
[BlackTitle "WIM"]
[WhiteElo "2259"]
[BlackElo "2302"]
[WhiteFideId "14117258"]
[BlackFideId "14124327"]
[EventDate "2014.11.13"]

1. e4 c5 2. Nf3 e6 3. d4 cxd4 4. Nxd4 Nf6 5. Nc3 d6 6. f4 Be7 7. Be2 O-O 8. O-O
Nc6 9. Be3 Bd7 10. Qe1 Nxd4 11. Bxd4 Bc6 12. Qg3 g6 13. Bd3 Nh5 14. Qf2 Nxf4 15.
Qxf4 e5 16. Qf2 exd4 17. Ne2 Kg7 18. Nxd4 Bf6 19. Rae1 Be5 20. c3 a5 21. Kh1 Qe7
22. Re3 Rac8 23. b3 b5 24. Qd2 Bxd4 25. cxd4 Qg5 26. Qf2 Kg8 27. Rf3 Qe7 28. Rf4
Bd7 29. Qd2 a4 30. Qb4 axb3 31. axb3 f6 32. Bxb5 g5 33. Bxd7 Qxd7 34. R4f2 Qe6
35. h3 Kg7 36. d5 Qe5 37. Rf5 Qe7 38. Qd4 Kg6 39. Qd3 Kg7 40. Qd4 h6 41. b4 Rce8
42. Re1 Rb8 43. Rf3 Rb7 44. Ref1 Rbb8 45. Ra3 Rb7 46. Raf3 Rbb8 47. Rb3 Qd7 48.
Ra1 Rf7 49. Ra6 Qb5 50. Rxd6 Qf1+ 51. Qg1 Qc4 52. Qb1 Re8 53. Rc6 Qd4 54. Re6
Rfe7 55. Rxe7+ Rxe7 56. Qd3 Rxe4 57. Qxd4 Rxd4 58. b5 Rxd5 59. b6 Rd8 60. b7 Rb8
61. Kg1 Kf7 62. g4 Ke6 63. Kf2 Kd5 64. Kf3 Kd4 65. Rb1 Kd5 66. Ke3 Re8+ 67. Kd3
Rb8 68. Rb2 Ke5 69. Kc4 Kf4 70. Kd5 Kg3 71. Rb3+ Kh4 72. Kc6 h5 73. gxh5 Kxh5
74. Kc7 Rf8 75. b8=Q Rxb8 76. Rxb8 Kh4 77. Rh8+ Kg3 78. Rh5 g4 79. h4 f5 80. Rh8 1-0

[Event "74th ch-UKR w 2014"]
[Site "Lviv UKR"]
[Date "2014.11.14"]
[Round "2.1"]
[White "Tarleva, Vira"]
[Black "Muzychuk, Mariya"]
[Result "0-1"]
[WhiteTitle "WFM"]
[BlackTitle "IM"]
[WhiteElo "2127"]
[BlackElo "2529"]
[WhiteFideId "14116693"]
[BlackFideId "14114550"]
[EventDate "2014.11.13"]

1. e4 c5 2. Nf3 e6 3. g3 Nc6 4. Bg2 Nf6 5. Nc3 Be7 6. O-O d6 7. d4 cxd4 8. Nxd4
Bd7 9. Be3 O-O 10. Qe2 a6 11. a4 Qc7 12. Nxc6 Bxc6 13. a5 Nd7 14. f4 Bf6 15. Qd3
Rac8 16. Rfd1 Bxc3 17. Qxc3 Nf6 18. Qb4 Bb5 19. c3 d5 20. exd5 Nxd5 21. Bxd5
exd5 22. Rxd5 Qc6 23. Qd4 Rfe8 24. Rd1 h6 25. Kf2 Qg6 26. h3 Bc6 27. Re5 Rxe5
28. fxe5 Qf5+ 29. Bf4 Qxh3 30. b3 Re8 31. Qd6 f6 32. Rd5 Bxd5 33. Qxd5+ Qe6 34.
Qxe6+ Rxe6 35. exf6 Rxf6 36. Ke3 g5 37. Be5 Re6 38. Ke4 h5 39. Kf5 Kf7 40. Bb8
h4 41. gxh4 gxh4 42. Kg4 Re3 0-1

[Event "74th ch-UKR w 2014"]
[Site "Lviv UKR"]
[Date "2014.11.14"]
[Round "2.3"]
[White "Zhukova, Natalia"]
[Black "Tantsiura, Maria"]
[Result "1-0"]
[WhiteTitle "GM"]
[BlackTitle "WIM"]
[WhiteElo "2470"]
[BlackElo "2302"]
[WhiteFideId "14101513"]
[BlackFideId "14124327"]
[EventDate "2014.11.13"]

1. d4 Nf6 2. c4 e6 3. Nf3 b6 4. a3 Bb7 5. Nc3 d5 6. cxd5 Nxd5 7. Bd2 Be7 8. Qc2
Nd7 9. e4 Nxc3 10. Bxc3 O-O 11. Rd1 Qc8 12. Bc4 Nf6 13. Bd3 Ba6 14. O-O Bxd3 15.
Qxd3 Rd8 16. Qe2 c6 17. Rd3 Qb7 18. Rfd1 Rac8 19. Ne5 Rc7 20. Rg3 Bf8 21. Nd3
Ne8 22. Nf4 Qc8 23. Nh5 f5 24. Re1 Rf7 25. exf5 exf5 26. Qc4 Nd6 27. Qb3 Kh8 28.
Nf4 Re8 29. Rc1 Qd7 30. Rh3 Kg8 31. Nd3 Qe6 32. Qxe6 Rxe6 33. Ne5 Rc7 34. Bd2
Nb5 35. Rd3 c5 36. Nf3 cxd4 37. Rxc7 Nxc7 38. Rxd4 Rd6 39. Rc4 Ne6 40. Kf1 Nc5
41. b4 Ne4 42. Bc1 a5 43. bxa5 bxa5 44. Rc8 Rd5 45. Bf4 Nc5 46. Ra8 Nd7 47. Bc7
Rd1+ 48. Ke2 Ra1 49. Rd8 Ra2+ 50. Kd1 Nc5 51. Rxf8+ Kxf8 52. Bd6+ Kf7 53. Bxc5
h6 54. Nd2 g5 55. Nb1 Ke6 56. Nc3 Ra1+ 57. Ke2 Rg1 58. g3 Rh1 59. Bb6 Rxh2 60.
Bxa5 h5 61. Bb6 h4 62. gxh4 Rxh4 63. a4 Rb4 64. a5 Kd6 65. Bd8 Rb2+ 66. Ke3 g4
67. Bh4 Kc6 68. Kf4 Rc2 69. Nd1 Rc5 70. Ne3 Rxa5 71. Nxf5 Ra4+ 72. Kg3 Kd5 73.
Ne3+ Ke4 74. Nxg4 Ra3+ 75. Kg2 Kf4 76. Nh2 Ra2 77. Bg3+ Kf5 78. Nf1 Ke4 79. Bd6
Ra6 80. Bc5 Ra2 81. Kg3 Ra1 82. Nd2+ Kd3 83. Nf3 Ke2 84. Nd4+ Kd3 85. Nf3 Ke2
86. Be3 Ra8 87. Nd4+ Kd3 88. Kf4 Re8 89. Nf5 Rf8 90. Ke5 Re8+ 91. Kd5 Rf8 92.
Ke6 Ke4 93. Nd6+ Kf3 94. Bc5 Rh8 95. Nf7 Re8+ 96. Kf5 Rc8 97. Bb6 Rb8 98. Be3
Rf8 99. Kf6 Re8 100. Bb6 Rb8 101. Bd4 Ra8 102. Ng5+ Kf4 103. Be5+ Kg4 104. f3+
Kh5 105. Kf5 Rg8 106. f4 Kh6 107. Ne6 Rg6 108. Bg7+ Kh5 109. Bf6 Rg1 110. Bg5 1-0

[Event "74th ch-UKR w 2014"]
[Site "Lviv UKR"]
[Date "2014.11.14"]
[Round "2.4"]
[White "Doluhanova, Evgeniya"]
[Black "Kalinina, Olga"]
[Result "1-0"]
[WhiteTitle "WGM"]
[BlackTitle "WGM"]
[WhiteElo "2284"]
[BlackElo "2259"]
[WhiteFideId "14112035"]
[BlackFideId "14117258"]
[EventDate "2014.11.13"]

1. e4 c5 2. Nf3 e6 3. d4 cxd4 4. Nxd4 a6 5. Bd3 Bc5 6. Nb3 Be7 7. Qe2 d6 8. O-O
Nc6 9. Be3 Nf6 10. f4 O-O 11. N1d2 e5 12. f5 Nb4 13. Rae1 b5 14. g4 h6 15. Qg2
Nh7 16. Nf3 Bb7 17. a3 Nxd3 18. cxd3 Re8 19. Rd1 Rc8 20. h3 Bc6 21. Nbd2 Bf6 22.
Qg3 Be7 23. h4 f6 24. Qf2 d5 25. exd5 Bxd5 26. Ne4 Qd7 27. b4 h5 28. Qg2 Qb7 29.
gxh5 Kh8 30. Qg4 Bxe4 31. Qxe4 Qxe4 32. dxe4 Rc4 33. Rd7 Rxe4 34. Kf2 a5 35.
Rfd1 Bf8 36. bxa5 Ra4 37. Ra7 e4 38. Nh2 Rxa3 39. h6 Re7 40. Rxe7 Bxe7 41. Rd7
Bf8 42. hxg7+ Bxg7 43. Bc5 Ra2+ 44. Kg3 Kg8 45. Rd8+ Bf8 46. Ng4 e3 47. Nxe3
Rxa5 48. Rb8 Kf7 49. Rb7+ Ke8 50. Bb6 Bd6+ 51. Kf3 Ra6 52. Nd5 Ra3+ 53. Be3 Nf8
54. Nxf6+ Kd8 55. Rxb5 Be7 56. Nd5 Bd6 57. h5 Nd7 58. h6 Ne5+ 59. Ke2 Ra2+ 60.
Kd1 Ng4 61. h7 Rh2 62. Rb7 Ke8 63. Rg7 Nxe3+ 64. Nxe3 Be5 65. Rb7 Rh4 66. Ke2
Kf8 67. Nd5 Bg7 68. Nc7 Rxh7 69. Ne6+ Kg8 70. Rb8+ Kf7 71. Ng5+ Kf6 72. Nxh7+
Kxf5 73. Rb5+ 1-0

[Event "74th ch-UKR w 2014"]
[Site "Lviv UKR"]
[Date "2014.11.14"]
[Round "2.5"]
[White "Osmak, Iulija"]
[Black "Gaponenko, Inna"]
[Result "1/2-1/2"]
[WhiteTitle "WFM"]
[BlackTitle "IM"]
[WhiteElo "2246"]
[BlackElo "2381"]
[WhiteFideId "14101602"]
[BlackFideId "14101181"]
[EventDate "2014.11.13"]

1. e4 c5 2. Nf3 Nc6 3. Bb5 g6 4. Bxc6 bxc6 5. O-O Bg7 6. Re1 Nh6 7. c3 O-O 8. d4
cxd4 9. cxd4 d5 10. e5 f6 11. e6 Nf5 12. Nc3 Nd6 13. Qa4 Qb6 14. Bf4 Nc4 15.
Rab1 g5 16. b3 Na5 17. Bd2 Nb7 18. Qa3 Nd6 19. Na4 Qc7 20. Nc5 g4 21. Ba5 Qb8
22. Nd2 f5 23. Nd7 Bxd7 24. exd7 Nb7 25. Bb4 Rf7 26. Bxe7 Qc7 27. d8=Q+ Nxd8 28.
Bd6 Qd7 29. Be5 Ne6 30. Qa4 Ng5 31. Rbc1 1/2-1/2

[Event "74th ch-UKR w 2014"]
[Site "Lviv UKR"]
[Date "2014.11.15"]
[Round "3.1"]
[White "Muzychuk, Mariya"]
[Black "Zhukova, Natalia"]
[Result "1/2-1/2"]
[WhiteTitle "IM"]
[BlackTitle "GM"]
[WhiteElo "2529"]
[BlackElo "2470"]
[WhiteFideId "14114550"]
[BlackFideId "14101513"]
[EventDate "2014.11.13"]

1. e4 e5 2. Nf3 Nc6 3. Bc4 Nf6 4. d3 Bc5 5. c3 O-O 6. O-O d6 7. Bb3 h6 8. h3 a6
9. Re1 Ba7 10. Nbd2 Ne7 11. Nf1 Ng6 12. Ng3 Be6 13. d4 Bxb3 14. Qxb3 Qd7 15. Be3
Rfe8 16. Rad1 exd4 17. Nxd4 Nxe4 18. Nxe4 Rxe4 19. Qxb7 Ree8 20. Nc6 Bxe3 21.
Rxe3 Rxe3 22. Qxa8+ Re8 23. Qxa6 Nf4 24. Nd4 Nxh3+ 25. gxh3 Qxh3 26. Qf1 Qg4+
27. Kh2 Qh5+ 1/2-1/2

[Event "74th ch-UKR w 2014"]
[Site "Lviv UKR"]
[Date "2014.11.15"]
[Round "3.2"]
[White "Gaponenko, Inna"]
[Black "Muzychuk, Anna"]
[Result "1/2-1/2"]
[WhiteTitle "IM"]
[BlackTitle "GM"]
[WhiteElo "2381"]
[BlackElo "2545"]
[WhiteFideId "14101181"]
[BlackFideId "14111330"]
[EventDate "2014.11.13"]

1. e4 c5 2. Nf3 e6 3. d4 cxd4 4. Nxd4 a6 5. Bd3 Bc5 6. Nb3 Be7 7. Qg4 Nf6 8.
Qxg7 Rg8 9. Qh6 Nc6 10. Nc3 Rxg2 11. Qh3 Rg8 12. Be3 d6 13. O-O-O b5 14. Rhg1
Rxg1 15. Rxg1 Bb7 16. f4 Qd7 17. Bb6 Bd8 18. Be3 Be7 1/2-1/2

[Event "74th ch-UKR w 2014"]
[Site "Lviv UKR"]
[Date "2014.11.15"]
[Round "3.3"]
[White "Tantsiura, Maria"]
[Black "Doluhanova, Evgeniya"]
[Result "1-0"]
[WhiteTitle "WIM"]
[BlackTitle "WGM"]
[WhiteElo "2302"]
[BlackElo "2284"]
[WhiteFideId "14124327"]
[BlackFideId "14112035"]
[EventDate "2014.11.13"]

1. e4 c5 2. Nf3 d6 3. d4 cxd4 4. Nxd4 Nf6 5. Nc3 a6 6. Bc4 e6 7. a3 Nc6 8. Be3
Be7 9. Ba2 Bd7 10. O-O O-O 11. f4 Qa5 12. f5 Nxd4 13. Bxd4 Rac8 14. Qf3 e5 15.
Bf2 b5 16. Bb3 Bc6 17. Rfe1 Bb7 18. Kh1 Qd8 19. Rad1 Kh8 20. Bh4 Ne8 21. Bg3 Qa5
22. Bd5 Bxd5 23. Nxd5 Bg5 24. Qg4 h6 25. c3 Rc6 26. Qf3 Bf6 27. Rd3 Qd8 28. Nb4
Rc4 29. Nxa6 Bh4 30. Bxh4 Qxh4 31. g3 Qd8 32. Nb4 Nf6 33. Nd5 Nxd5 34. Rxd5 Qb6
35. Red1 Rc6 36. Qd3 Rb8 37. Rxd6 Qb7 38. Rd7 Qb6 39. Rxf7 Rc4 40. f6 Qc6 41.
Qd8+ 1-0

[Event "74th ch-UKR w 2014"]
[Site "Lviv UKR"]
[Date "2014.11.15"]
[Round "3.4"]
[White "Kalinina, Olga"]
[Black "Osmak, Iulija"]
[Result "1/2-1/2"]
[WhiteTitle "WGM"]
[BlackTitle "WFM"]
[WhiteElo "2259"]
[BlackElo "2246"]
[WhiteFideId "14117258"]
[BlackFideId "14101602"]
[EventDate "2014.11.13"]

1. e4 e6 2. Nc3 d5 3. d4 Nf6 4. e5 Nfd7 5. f4 c5 6. Nf3 Nc6 7. Be3 Be7 8. Qd2
O-O 9. Be2 b6 10. O-O Bb7 11. Nd1 a5 12. c3 Ba6 13. Bxa6 Rxa6 14. Qd3 Ra8 15.
Ng5 Bxg5 16. fxg5 Qc8 17. Bd2 Qa6 18. Qe3 Ne7 19. Rf3 Rac8 20. Qf2 Qb5 21. b3 a4
22. Ne3 axb3 23. axb3 Qxb3 24. Rf1 cxd4 25. cxd4 Qb2 26. Nd1 Qc2 27. Bb4 Qxf2+
28. R3xf2 Rce8 29. Nc3 Nb8 30. Nb5 Nbc6 31. Bd6 Rd8 32. h4 Rd7 33. g4 g6 34. h5
gxh5 35. gxh5 Nd8 36. Nc7 Kh8 37. g6 Rg8 38. Kh1 hxg6 39. Rxf7 Nxf7 40. Rxf7
Rxc7 41. Bxc7 Rg7 42. hxg6 b5 43. Bd6 Nxg6 44. Rf6 Nh4 45. Rh6+ Rh7 46. Rxe6
Nf5+ 47. Kg2 Rg7+ 48. Kf2 Nxd4 49. Rf6 Rg5 50. Ke3 Rg4 51. Kd3 Re4 52. Rf8+ Kg7
53. Rb8 Kf7 54. Rf8+ Kg6 55. Rb8 Kf5 56. Rf8+ Kg4 57. Rg8+ Kf5 58. Rf8+ Ke6 59.
Rf6+ Kd7 60. Rf7+ Kc6 61. Rc7+ Kb6 62. Rc5 Ne6 63. Rxd5 Rg4 64. Ke3 b4 1/2-1/2

[Event "74th ch-UKR w 2014"]
[Site "Lviv UKR"]
[Date "2014.11.16"]
[Round "4.1"]
[White "Zhukova, Natalia"]
[Black "Doluhanova, Evgeniya"]
[Result "1/2-1/2"]
[WhiteTitle "GM"]
[BlackTitle "WGM"]
[WhiteElo "2470"]
[BlackElo "2284"]
[WhiteFideId "14101513"]
[BlackFideId "14112035"]
[EventDate "2014.11.13"]

1. d4 Nf6 2. c4 e6 3. Nc3 Bb4 4. e3 O-O 5. Bd3 d5 6. Nf3 c5 7. O-O cxd4 8. exd4
dxc4 9. Bxc4 Nc6 10. Bg5 Be7 11. Re1 a6 12. a3 b5 13. Ba2 Bb7 14. Qd3 b4 15. Na4
bxa3 16. bxa3 Na5 17. Ne5 Nc6 18. Nf3 Na5 19. Rac1 Bxf3 20. gxf3 Ra7 21. Nc5
Bxc5 22. Rxc5 Nb7 23. Rc6 Nd6 24. d5 Nf5 25. Rd1 Rd7 26. d6 h6 27. Be3 Nxe3 28.
fxe3 a5 29. Kh1 Qb8 30. Rb1 Qa8 31. Qa6 Ra7 32. Qc4 Rb7 33. Rg1 Rb6 34. Rxb6
Qxf3+ 35. Rg2 Qd1+ 36. Rg1 Qf3+ 37. Rg2 1/2-1/2

[Event "74th ch-UKR w 2014"]
[Site "Lviv UKR"]
[Date "2014.11.16"]
[Round "4.2"]
[White "Muzychuk, Anna"]
[Black "Kalinina, Olga"]
[Result "1-0"]
[WhiteTitle "GM"]
[BlackTitle "WGM"]
[WhiteElo "2545"]
[BlackElo "2259"]
[WhiteFideId "14111330"]
[BlackFideId "14117258"]
[EventDate "2014.11.13"]

1. d4 d5 2. c4 dxc4 3. e4 e5 4. Nf3 exd4 5. Bxc4 Nc6 6. O-O Be6 7. Bb5 Bc5 8. b4
Bb6 9. a4 a6 10. Bxc6+ bxc6 11. a5 Ba7 12. Bb2 Qd6 13. Na3 Qxb4 14. Qc1 Ne7 15.
Nc2 Qc4 16. Ncxd4 Bxd4 17. Nxd4 Rb8 18. Qd2 c5 19. Nf5 Nxf5 20. exf5 Bxf5 21.
Rac1 Qg4 22. Rc3 Be6 23. Rg3 Qb4 24. Bc3 Qc4 25. Rd1 Qa2 26. Qc1 Rg8 27. Bxg7
Qe2 28. h3 Qh5 29. Qd2 Ke7 30. Rg5 Qh4 31. Qe3 Qb4 32. Qe5 Qxa5 33. Bf6+ 1-0

[Event "74th ch-UKR w 2014"]
[Site "Lviv UKR"]
[Date "2014.11.16"]
[Round "4.3"]
[White "Tarleva, Vira"]
[Black "Gaponenko, Inna"]
[Result "1/2-1/2"]
[WhiteTitle "WFM"]
[BlackTitle "IM"]
[WhiteElo "2127"]
[BlackElo "2381"]
[WhiteFideId "14116693"]
[BlackFideId "14101181"]
[EventDate "2014.11.13"]

1. e4 c5 2. Nf3 g6 3. d4 Bg7 4. Nc3 cxd4 5. Nxd4 Nc6 6. Be3 Nf6 7. Bc4 O-O 8.
Bb3 a5 9. O-O a4 10. Nxa4 Nxe4 11. Nb5 d6 12. Bb6 Qd7 13. f3 Nf6 14. Nc7 Rb8 15.
Re1 h5 16. Qd2 Qf5 17. c3 h4 18. Qf2 Qh5 19. Rad1 Bf5 20. Nd5 Nxd5 21. Bxd5 Ne5
22. Be4 Bd7 23. b3 Bc6 24. f4 Ng4 25. Qf3 Bxa4 26. bxa4 Nf6 27. Qxh5 Nxh5 28.
Bf3 Rfe8 29. f5 Bxc3 30. fxg6 fxg6 31. Bd5+ Kg7 32. Re3 Bf6 33. Be6 Nf4 34. Bd7
Rf8 35. g3 hxg3 36. hxg3 Nh5 37. Rb1 Bg5 38. Rd3 Nf6 39. Be6 Ne4 40. Rb5 Bf6 41.
Kg2 Nc5 42. Bxc5 dxc5 43. Rxc5 Rfd8 44. Rxd8 1/2-1/2

[Event "74th ch-UKR w 2014"]
[Site "Lviv UKR"]
[Date "2014.11.16"]
[Round "4.4"]
[White "Osmak, Iulija"]
[Black "Tantsiura, Maria"]
[Result "1-0"]
[WhiteTitle "WFM"]
[BlackTitle "WIM"]
[WhiteElo "2246"]
[BlackElo "2302"]
[WhiteFideId "14101602"]
[BlackFideId "14124327"]
[EventDate "2014.11.13"]

1. e4 c5 2. c3 d6 3. d4 Nf6 4. Bd3 g6 5. dxc5 dxc5 6. e5 Nh5 7. h3 Nc6 8. Nf3
Ng7 9. O-O Ne6 10. Bb5 Bd7 11. Qe2 Bg7 12. Re1 O-O 13. Nbd2 a6 14. Bc4 Qc7 15.
Nb3 Ncd8 16. a4 Bc6 17. a5 Bxf3 18. gxf3 Kh8 19. f4 f6 20. Qe4 Rc8 21. Bd2 fxe5
22. fxe5 Rf5 23. f4 Bh6 24. Rf1 Ng7 25. Be3 Nde6 26. Rf3 Rcf8 27. Raf1 Qc8 28.
Bd5 Qc7 29. Qc4 b5 30. axb6 Qxb6 31. Nxc5 Bxf4 32. Bxf4 Rxf4 33. Rxf4 Rxf4 34.
Rxf4 Nxf4 35. b4 g5 36. Bg2 Nf5 37. Qf7 Nh6 38. Qxe7 Ne2+ 39. Kh2 Ng8 40. Qd6
Qb5 41. e6 Kg7 42. Qe5+ 1-0

[Event "74th ch-UKR w 2014"]
[Site "Lviv UKR"]
[Date "2014.11.18"]
[Round "5.1"]
[White "Gaponenko, Inna"]
[Black "Muzychuk, Mariya"]
[Result "1/2-1/2"]
[WhiteTitle "IM"]
[BlackTitle "IM"]
[WhiteElo "2381"]
[BlackElo "2529"]
[WhiteFideId "14101181"]
[BlackFideId "14114550"]
[EventDate "2014.11.13"]

1. e4 c6 2. d4 d5 3. exd5 cxd5 4. c4 Nf6 5. Nc3 g6 6. Qb3 Bg7 7. cxd5 O-O 8.
Nge2 Na6 9. g3 Qb6 10. Qxb6 axb6 11. Bg2 Nb4 12. O-O Rd8 13. d6 Rxd6 14. Bf4 Rd7
15. Be5 e6 16. Rfd1 Nfd5 17. Bxg7 Kxg7 18. a3 Nxc3 19. bxc3 Nd5 20. Rdb1 Rc7 21.
Bxd5 exd5 22. Rxb6 Bg4 23. Kf1 Bxe2+ 24. Kxe2 Rxc3 25. Rxb7 Rc4 26. Rd1 Rxa3 27.
Rb5 Ra2+ 28. Rd2 Rxd2+ 29. Kxd2 Rxd4+ 30. Ke3 Re4+ 31. Kd3 Re5 32. f4 Re1 33.
Rxd5 Rh1 34. Ke3 Rxh2 35. Kf3 h5 36. Ra5 Rb2 37. Rc5 Rb3+ 38. Kg2 Rb6 39. Ra5
Kf6 40. Rc5 Ke6 41. Re5+ Kd6 42. Kh3 Rb4 43. Kh4 Rd4 44. Re8 Kd7 45. Re5 Rd1 46.
Kg5 Rd3 47. Kh4 Rf3 48. Re1 f6 49. Kh3 Rf2 50. Re3 Rf1 51. Kg2 Rc1 52. Kh3 Rc6
53. Re1 Re6 54. Rd1+ Ke7 55. Ra1 Re3 56. Ra6 Rd3 57. Rb6 Rd6 58. Rb5 Ke6 59. Kh4
Rd1 60. f5+ gxf5 61. Kxh5 Rd4 62. Rb6+ Ke5 63. Rb5+ Rd5 64. Rxd5+ Kxd5 65. Kg6
Ke5 66. Kf7 f4 67. gxf4+ Kxf4 68. Kxf6 1/2-1/2

[Event "74th ch-UKR w 2014"]
[Site "Lviv UKR"]
[Date "2014.11.18"]
[Round "5.2"]
[White "Tantsiura, Maria"]
[Black "Muzychuk, Anna"]
[Result "0-1"]
[WhiteTitle "WIM"]
[BlackTitle "GM"]
[WhiteElo "2302"]
[BlackElo "2545"]
[WhiteFideId "14124327"]
[BlackFideId "14111330"]
[EventDate "2014.11.13"]

1. e4 c6 2. c4 d5 3. exd5 cxd5 4. cxd5 Nf6 5. Nc3 Nxd5 6. d4 g6 7. Nf3 Bg7 8.
Be2 O-O 9. O-O Nc6 10. h3 Bf5 11. a3 Rc8 12. Re1 Na5 13. Bd3 Nxc3 14. bxc3 Bxd3
15. Qxd3 e6 16. Bf4 Qd5 17. Rab1 b6 18. Nd2 Nc4 19. Rb4 Nxd2 20. Qxd2 Rc6 21.
Qb2 Rfc8 22. Bd2 Bf8 23. Rb3 Rc4 24. Re5 Qc6 25. Qb1 Ra4 26. Bc1 Bd6 27. Re1 Qc4
28. Qb2 Ra5 29. Re2 Rxa3 0-1

[Event "74th ch-UKR w 2014"]
[Site "Lviv UKR"]
[Date "2014.11.18"]
[Round "5.3"]
[White "Doluhanova, Evgeniya"]
[Black "Osmak, Iulija"]
[Result "1/2-1/2"]
[WhiteTitle "WGM"]
[BlackTitle "WFM"]
[WhiteElo "2284"]
[BlackElo "2246"]
[WhiteFideId "14112035"]
[BlackFideId "14101602"]
[EventDate "2014.11.13"]

1. e4 d6 2. d4 Nf6 3. Nc3 e5 4. Nf3 Nbd7 5. Bc4 Be7 6. O-O Nb6 7. Be2 exd4 8.
Nxd4 O-O 9. h3 d5 10. exd5 Nbxd5 11. Nxd5 Nxd5 12. c4 Nf6 13. Be3 c6 14. Bd3 Re8
15. Qc2 Qa5 16. Rad1 Qh5 17. Be2 Qg6 18. Qxg6 hxg6 19. Bf3 Bd7 20. Rd3 Rad8 21.
Rfd1 Bc8 22. Nb3 Rxd3 23. Rxd3 Bf5 24. Rd1 Bc2 25. Rd2 Bxb3 26. axb3 a6 27. Bb6
Bb4 28. Rd3 Re7 29. Rd8+ Re8 30. Rd3 Re7 31. Rd8+ Re8 32. Rd3 Kf8 33. g3 Re7 34.
Rd8+ Re8 35. Rd3 Ke7 36. Kg2 Nd7 37. Bd4 f6 38. Bg4 Rd8 39. Re3+ Kf8 40. Rd3 Ke7
41. Re3+ Kf8 42. Rd3 Ke7 43. Re3+ Kf8 1/2-1/2

[Event "74th ch-UKR w 2014"]
[Site "Lviv UKR"]
[Date "2014.11.18"]
[Round "5.4"]
[White "Kalinina, Olga"]
[Black "Tarleva, Vira"]
[Result "1-0"]
[WhiteTitle "WGM"]
[BlackTitle "WFM"]
[WhiteElo "2259"]
[BlackElo "2127"]
[WhiteFideId "14117258"]
[BlackFideId "14116693"]
[EventDate "2014.11.13"]

1. e4 c5 2. Nf3 d6 3. d4 cxd4 4. Nxd4 Nf6 5. Nc3 a6 6. f4 e5 7. Nf3 Nbd7 8. Bd3
Be7 9. a4 O-O 10. O-O Nc5 11. Kh1 exf4 12. Bxf4 Bg4 13. Qd2 Rc8 14. Rae1 Re8 15.
Be3 Nxd3 16. Qxd3 Be6 17. Nd5 Bxd5 18. exd5 Qc7 19. Bd4 Nxd5 20. Bxg7 Qc4 21.
Qxc4 Rxc4 22. Bh6 Rec8 23. c3 Bf8 24. Bxf8 Rxf8 25. a5 Ra4 26. Nd4 Ra2 27. Rf5
Ne3 28. Rg5+ Kh8 29. h4 Nc4 30. b4 Rg8 31. Nf5 f6 32. Rxg8+ Kxg8 33. Re8+ Kf7
34. Re7+ Kf8 35. Rxh7 Rf2 36. Nd4 Ne3 37. Ne6+ Ke8 38. Rg7 Nf5 39. Rxb7 Nxh4 40.
Rh7 Nf5 41. b5 Ne3 42. Rg7 axb5 43. a6 Nd5 44. a7 Ra2 45. Rb7 Nb6 46. Nc7+ Kd7
47. Na8+ Kc8 48. Rb8+ 1-0

[Event "74th ch-UKR w 2014"]
[Site "Lviv UKR"]
[Date "2014.11.19"]
[Round "6.1"]
[White "Zhukova, Natalia"]
[Black "Osmak, Iulija"]
[Result "1/2-1/2"]
[WhiteTitle "GM"]
[BlackTitle "WFM"]
[WhiteElo "2470"]
[BlackElo "2246"]
[WhiteFideId "14101513"]
[BlackFideId "14101602"]
[EventDate "2014.11.13"]

1. Nf3 d5 2. c4 c6 3. e3 Nf6 4. Nc3 g6 5. d4 Bg7 6. Be2 O-O 7. O-O a6 8. b3 Ne4
9. Bb2 Nxc3 10. Bxc3 Bg4 11. Rc1 Nd7 12. Nd2 Bxe2 13. Qxe2 Re8 14. Rfd1 Rc8 15.
h3 e6 16. a4 Qe7 17. Qf3 Nf6 18. Ba5 Nd7 19. Bc3 Nf6 20. Ba5 Nd7 21. Bc3 1/2-1/2